| 000 | 01653nam a2200253 4500 | ||
|---|---|---|---|
| 003 | co-ctgcurn | ||
| 005 | 20250329165504.0 | ||
| 008 | 180403s2024 000 0 eng d | ||
| 040 |
_aCO-CtgCURN _bspa _ccoctgcurn |
||
| 082 | 0 |
_aODO 2024 _bR292 |
|
| 100 | 1 | _aRebolledo Martínez, Dayan Carolina. | |
| 245 | 1 | 0 |
_aDescripción tomográfica de la anatomía radicular de los premolares inferiores / _cDayan Carolina Rebolledo Martínez; Lizzeth Paola Monterrosa Martinez; Robinson González Laguna; investigador: Jose Elias Florez Ariza. |
| 260 |
_aCartagena de Indias : _bCorporación Universitaria Rafael Nuñez, _c2024. |
||
| 300 | _a50 hojas. | ||
| 504 | _aTrabajo de grado (Odontología). Corporación Universitaria Rafael Nuñez. Facultad de Ciencias de la Salud. Odontología, 2024. | ||
| 520 | _a"Por medio de la innovación tecnológica se obtendrá de manera tridimensional los conductos radiculares y sus variaciones en la anatomía interna contribuyendo en lo académico un proceso de enseñanza-aprendizaje didáctico e interesante, esto permitirá a los estudiantes y odontólogas comprender, visualizar y maximizar sus conocimientos" | ||
| 650 | 0 |
_aOdontologia _vTesis y disertaciones academicas. |
|
| 700 | 1 | _aMonterrosa Martinez, Lizzeth Paola. | |
| 700 | 1 | _aGonzález Laguna, Robinson. | |
| 700 | 1 |
_aFlorez Ariza, Jose Elias, _edirector. |
|
| 856 |
_uhttps://unicurn.sharepoint.com/:b:/s/biblioteca/EYHLsWHEoslJkW3wfQ9PU0sBqtJFb-ClTWHVIeiZZnI_jA?e=e6bPMb _zClick aqui para ver el recurso en texto completo |
||
| 942 |
_2ddc _cTG _hODO 2024 _iR292 |
||
| 999 |
_c5659 _d5659 |
||